Los Judíos de España (Record no. 9720)

MARC details
000 -LEADER
campo de control de longitud fija 01003nam a2200265 i 4500
001 - NÚMERO DE CONTROL
campo de control 9720
003 - IDENTIFICADOR DE NÚMERO DE CONTROL
campo de control ES-MaACL
005 - FECHA Y HORA DE LA ÚLTIMA TRANSACCIÓN
campo de control 20250728115934.0
007 - CAMPO FIJO DE DESCRIPCIÓN FÍSICA--INFORMACIÓN GENERAL
campo de control de longitud fija t|
008 - DATOS DE LONGITUD FIJA--INFORMACIÓN GENERAL
campo de control de longitud fija 931130s1993 sp ||||1| spa d
020 ## - NÚMERO INTERNACIONAL ESTÁNDAR DEL LIBRO
Número Internacional Estándar del Libro 84-87699-61-8
080 ## - NÚMERO DE LA CLASIFICACIÓN DECIMAL UNIVERSAL
Número de la Clasificación Decimal Universal 9(=924)(46:100)"1492/1992"
245 04 - MENCIÓN DEL TÍTULO
Título Los Judíos de España
Resto del título : historia de una diáspora, 1492-1992 /
Mención de responsabilidad, etc. bajo la dirección de Henry Méchoulan ; prólogo de Edgar Morin.
260 ## - PUBLICACIÓN, DISTRIBUCIÓN, ETC.
Lugar de publicación, distribución, etc. Madrid :
Nombre del editor, distribuidor, etc. Trotta :
-- Fundación Amigos de Sefarad :
-- Sociedad Quinto Centenario,
Fecha de publicación, distribución, etc. D.L. 1993.
300 ## - DESCRIPCIÓN FÍSICA
Extensión 668 p. ;
Dimensiones 23 cm.
490 1# - MENCIÓN DE SERIE
Mención de serie Colección Estructuras y procesos. Serie Historia
650 #4 - PUNTO DE ACCESO ADICIONAL DE MATERIA--TÉRMINO DE MATERIA
Término de materia o nombre geográfico como elemento de entrada Judíos-
Subdivisión geográfica España-
Subdivisión general Historia.
9 (RLIN) 13985
700 1# - ENTRADA AGREGADA--NOMBRE PERSONAL
Nombre de persona Méchoulan, Henry.
9 (RLIN) 79654
700 1# - ENTRADA AGREGADA--NOMBRE PERSONAL
Nombre de persona Morin, Edgar.
9 (RLIN) 83564
710 2# - ENTRADA AGREGADA--NOMBRE DE ENTIDAD CORPORATIVA
Nombre de entidad corporativa o nombre de jurisdicción como elemento de entrada Fundación Amigos de Sefarad.
9 (RLIN) 4214
710 2# - ENTRADA AGREGADA--NOMBRE DE ENTIDAD CORPORATIVA
Nombre de entidad corporativa o nombre de jurisdicción como elemento de entrada Sociedad Estatal Quinto Centenario.
9 (RLIN) 6765
830 00 - PUNTO DE ACCESO ADICIONAL DE SERIE-TÍTULO UNIFORME
Título uniforme Estructuras y procesos.
Nombre de parte o sección de la obra Historia
9 (RLIN) 228061
852 ## - LOCALIZACIÓN
Ubicación ES-MaACL
Número de control de estantería L-17241
Sublocalización o colección R.122198
Holdings
Estatus retirado Estado de pérdida Estado de daño No para préstamo Biblioteca de origen Biblioteca actual Ubicación en estantería Fecha de adquisición Fuente de adquisición Total de préstamos Signatura topográfica completa Código de barras Visto por última vez Precio de reemplazo Tipo de ítem Koha
        Biblioteca del Ateneo de Madrid Biblioteca del Ateneo de Madrid Depósito 2 17/01/2008     L-17241 1009919 23/02/2023 23/02/2023 Libro impreso